LEADER 03858oas 22013333a 450 001 9910145505403321 005 20251106213014.0 011 $a1558-9129 035 $a(OCoLC)44858563 035 $a(CONSER) 2005215835 035 $a(CKB)954925477513 035 $a(EXLCZ)99954925477513 100 $a20000822a19719999 sy a 101 0 $aeng 135 $auran||||||||| 181 $ctxt$2rdacontent 182 $cc$2rdamedia 183 $acr$2rdacarrier 200 00$aLanguage, speech & hearing services in schools 210 $aRockville, MD $cAmerican Speech-Language-Hearing Association 215 $a1 online resource (volumes) $cillustrations 300 $aRefereed/Peer-reviewed 311 08$a0161-1461 517 3 $aLanguage, speech, and hearing services in schools 606 $aSpeech therapy for children$vPeriodicals 606 $aSpeech disorders in children$vPeriodicals 606 $aDeaf children$xLanguage$vPeriodicals 606 $aHearing disorders in children$vPeriodicals 606 $aChildren$xLanguage$vPeriodicals 606 $aSpeech Therapy 606 $aHearing Disorders$xtherapy 606 $aLanguage Therapy 606 $aSchool Health Services 606 $aOrthophonie pour enfants$vPe?riodiques 606 $aAudition, Troubles de l', chez l'enfant$vPe?riodiques 606 $aChildren$xLanguage$2fast$3(OCoLC)fst00855024 606 $aDeaf children$xLanguage$2fast$3(OCoLC)fst00888544 606 $aHearing disorders in children$2fast$3(OCoLC)fst00953428 606 $aSpeech disorders in children$2fast$3(OCoLC)fst01129222 606 $aSpeech therapy for children$2fast$3(OCoLC)fst01129302 606 $aTaalproblemen$2gtt 606 $aSpraakstoornissen$2gtt 606 $aGehoorstoornissen$2gtt 606 $aScholen$2gtt 606 $aRemedial teaching$2gtt 608 $aPeriodical. 608 $aperiodicals.$2aat 608 $aPeriodicals.$2fast 608 $aPeriodicals.$2lcgft 608 $aPe?riodiques.$2rvmgf 615 0$aSpeech therapy for children 615 0$aSpeech disorders in children 615 0$aDeaf children$xLanguage 615 0$aHearing disorders in children 615 0$aChildren$xLanguage 615 2$aSpeech Therapy. 615 2$aHearing Disorders$xtherapy. 615 2$aLanguage Therapy. 615 2$aSchool Health Services. 615 6$aOrthophonie pour enfants 615 6$aAudition, Troubles de l', chez l'enfant 615 7$aChildren$xLanguage. 615 7$aDeaf children$xLanguage. 615 7$aHearing disorders in children. 615 7$aSpeech disorders in children. 615 7$aSpeech therapy for children. 615 17$aTaalproblemen. 615 17$aSpraakstoornissen. 615 17$aGehoorstoornissen. 615 17$aScholen. 615 17$aRemedial teaching. 676 $a371.91 712 02$aAmerican Speech-Language-Hearing Association 801 0$bHNK 801 1$bHNK 801 2$bOCLCQ 801 2$bNSD 801 2$bOCLCS 801 2$bCFI 801 2$bOCLCQ 801 2$bDLC 801 2$bOCLCQ 801 2$bOCLCF 801 2$bOCLCQ 801 2$bCHVBK 801 2$bVT2 801 2$bEUW 801 2$bOCLCQ 801 2$bBUF 801 2$bREB 801 2$bOCLCO 801 2$bAPUMS 801 2$bAU@ 801 2$bOCLCO 801 2$bWYU 801 2$bU3W 801 2$bOCLCO 801 2$bOCLCA 801 2$bOCLCQ 801 2$bOCLCO 801 2$bLUU 801 2$bDYJ 801 2$bOCLCQ 801 2$bIOY 801 2$bCUS 801 2$bOCLCL 801 2$bQGK 801 2$bUEJ 801 2$bOCLCL 801 2$bOCLCQ 906 $aJOURNAL 912 $a9910145505403321 996 $aLanguage, speech & hearing services in schools$92348764 997 $aUNINA